[Event "Tourn. n9151"]
[Site "www.chess-mail.com"]
[Date "2017.01.05"]
[Round "1"]
[White "Ff333"]
[Black "Norlavuaram"]
[WhiteElo "2070"]
[BlackElo "2130"]
[Result "1-0"]
[Round "1"]
1.e4 e5
2.Ng1f3 Nb8c6
3.Bf1c4 Bf8e7
4.O-O Ng8f6
5.d3 O-O
6.Bc4b5 d6
7.a3 Bc8d7
8.Nb1c3 a6
9.Bb5c4 Nc6a5
10.Bc4a2 c5
11.h3 b5
12.b4 Na5c6
13.Nc3d5 Ra8c8
14.Bc1d2 h6
15.Nf3h4 Nf6xd5
16.exd5 Be7xh4
17.dxc6 Bd7xc6
18.Qd1g4 Kh8
19.Qg4h5 Qd8f6
20.g3 Bh4g5
21.Bd2xg5 Qf6g6
22.Qh5xg6 { resign }
1-0

[Event "Tourn. n9131"]
[Site "www.chess-mail.com"]
[Date "2017.01.05"]
[Round "1"]
[White "Urbe69"]
[Black "Cristiano"]
[WhiteElo "2030"]
[BlackElo "2160"]
[Result "0-1"]
[Round "1"]
1.d4 Ng8f6
2.Ng1f3 b6
3.Bc1g5 Nf6e4
4.Bg5h4 d5
5.Nb1d2 Bc8b7
6.e3 Nb8d7
7.Nd2xe4 dxe4
8.Nf3g5 e6
9.Ng5xf7 Qd8xh4
10.Nf7xh8 Bf8d6
11.g3 Qh4h6
12.Bf1b5 Qh6g5
13.Bb5xd7 Kxd7
14.Nh8f7 Qg5f5
15.Nf7xd6 cxd6
16.Qd1e2 Ke7
17.h4 Ra8c8
18.O-O-O b5
19.Kb1 b4
20.h5 Bb7c6
21.Rh1h4 Bc6b5
22.Qe2d2 a5
23.Rh4f4 Qf5xh5
24.Rf4xe4 g5
25.d5 e5
26.f4 Qh5f3
27.Re4xe5 dxe5
28.fxe5 Qf3e4
29.Qd2f2 Rc8f8
30.d6 Ke8
31.d7 Bb5xd7
32.Qf2d2 Bd7f5
33.Qd2d8 Kf7
34.e6 Qe4xe6
35.Qd8xa5 Rf8c8
36.Rd1f1 Kg6
37.Rf1f2 Rc8c6
38.Qa5xb4 Qe6xe3
{ resign }
0-1

[Event "Tourn. n9086"]
[Site "www.chess-mail.com"]
[Date "2017.01.05"]
[Round "1"]
[White "Seger"]
[Black "Prize640"]
[WhiteElo "2820"]
[BlackElo "2420"]
[Result "1-0"]
[Round "1"]
1.d4 Ng8f6
2.c4 g6
3.Ng1f3 Bf8g7
4.e3 O-O
5.b4 a5
6.b5 c5
7.bxc6 dxc6
8.Nb1c3 Nb8a6
9.Bf1e2 Na6c7
10.O-O Bc8g4
11.h3 Bg4f5
12.Bc1b2 Rf8e8
13.Qd1c1 b5
14.Nf3e5 b4
15.Nc3a4 Nf6e4
16.g4 Bf5e6
17.Be2f3 f5
18.Ne5xc6 Qd8d7
19.d5 Bg7xb2
20.Qc1xb2 Nc7xd5
21.Bf3xe4 Qd7xc6
22.cxd5 Qc6xa4
23.Be4c2 { resign }
1-0

[Event "Tourn. n9104"]
[Site "www.chess-mail.com"]
[Date "2017.01.05"]
[Round "1"]
[White "Norlavuaram"]
[Black "Goofy"]
[WhiteElo "2170"]
[BlackElo "2300"]
[Result "0-1"]
[Round "1"]
1.e4 e5
2.Ng1f3 Nb8c6
3.Bf1b5 a6
4.Bb5a4 Ng8f6
5.O-O Bf8e7
6.Rf1e1 b5
7.Ba4b3 O-O
8.c3 d5
9.exd5 Nf6xd5
10.Nf3xe5 Nc6xe5
11.Re1xe5 Be7d6
12.Re5e1 c6
13.d4 Qd8h4
14.g3 Qh4h3
15.Bc1e3 Bc8g4
16.Qd1d3 Ra8e8
17.Nb1d2 Qh3h5
18.Bb3d1 Bg4xd1
19.Ra1xd1 f5
20.Nd2f1 Re8e6
21.Be3c1 Re6g6
22.Qd3e2 Qh5h3
23.f3 f4
24.Qe2g2 Qh3d7
25.g4 h5
26.h3 hxg4
27.hxg4 Kf7
28.Rd1d2 Rf8h8
29.Qg2e2 Rg6h6
30.Qe2e4 Rh6h1
31.Kg2 Nd5e3
32.Re1xe3 fxe3
33.Qe4xe3 Rh1xf1
34.Kxf1 Rh8h1
{ resign }
0-1

[Event "Tourn. n9124"]
[Site "www.chess-mail.com"]
[Date "2017.01.05"]
[Round "1"]
[White "Autmich"]
[Black "Caspito"]
[WhiteElo "1649"]
[BlackElo "1880"]
[Result "1-0"]
[Round "1"]
1.e4 e5
2.Ng1f3 Nb8c6
3.Bf1c4 Nc6d4
4.Nf3xd4 exd4
5.c3 c5
6.d3 g6
7.Bc1f4 Bf8g7
8.Qd1f3 Ng8f6
9.Bf4g5 O-O
10.O-O d6
11.Nb1d2 a6
12.Rf1e1 b5
13.Bc4d5 Ra8a7
14.cxd4 cxd4
15.e5 dxe5
16.Nd2e4 Qd8b6
17.Ne4xf6 Bg7xf6
18.Qf3xf6 Qb6xf6
19.Bg5xf6 Ra7d7
20.Re1xe5 a5
21.Bd5c6 Rd7d6
22.Bf6e7 Rd6xc6
23.Be7xf8 Kxf8
24.Re5xb5 Bc8a6
25.Rb5b8 Kg7
26.Ra1d1 Ba6xd3
27.h3 Bd3c4
28.Rd1xd4 Bc4xa2
29.Rd4a4 Ba2e6
30.Ra4xa5 Rc6c1
31.Kh2 Rc1c2
32.f3 Rc2d2
33.b4 h6
34.Ra5c5 Rd2b2
35.b5 g5
36.b6 h5
37.Rc5xg5 Kf6
38.Rg5xh5 Kg6
39.Rh5c5 f5
40.b7 f4
41.Rc5c7 Be6d5
42.Kg1 Rb2b1
43.Kf2 Rb1b2
44.Ke1 { resign }
1-0

[Event "Match"]
[Site "www.echecsemail.com"]
[Date "2017.01.05"]
[Round "1"]
[White "Leochessnut"]
[Black "Osvalazo"]
[WhiteElo "1870"]
[BlackElo "1800"]
[Result "1-0"]
[Round "1"]
1.d4 e6
2.c4 Ng8f6
3.Nb1c3 Bf8b4
4.e3 Nf6e4
5.Qd1c2 Bb4xc3
6.bxc3 d5
7.Bc1a3 Nb8c6
8.Ng1f3 Qd8f6
9.Bf1d3 Ne4g5
10.Nf3d2 h6
11.O-O e5
12.cxd5 Nc6d8
13.f4 exf4
14.exf4 Ng5h3
15.gxh3 Bc8xh3
16.Qc2a4 c6
17.Rf1e1 Kd7
18.dxc6 Kc7
19.cxb7 Nd8xb7
20.Re1e7 Kc8
21.Qa4c4 { resign }
1-0

[Event "Match"]
[Site "www.echecsemail.com"]
[Date "2017.01.05"]
[Round "1"]
[White "Forest"]
[Black "Guidom"]
[WhiteElo "1760"]
[BlackElo "2170"]
[Result "0-1"]
[Round "1"]
1.d4 d5
2.c4 Ng8f6
3.cxd5 Qd8xd5
4.Nb1c3 Qd5a5
5.Bc1d2 c6
6.e3 e6
7.Ng1f3 Bf8b4
8.a3 Bb4xc3
9.Bd2xc3 Qa5d8
10.Bf1e2 O-O
11.O-O Nf6d5
12.Ra1c1 Nb8d7
13.Be2c4 Nd7b6
14.Bc4xd5 exd5
15.Nf3e5 Bc8f5
16.Bc3a5 Qd8g5
17.f4 Qg5h4
18.Ba5e1 Qh4e7
19.Be1b4 Qe7f6
20.Bb4xf8 Ra8xf8
21.g4 Bf5e4
22.Rf1f2 Qf6h4
23.Qd1f1 f6
24.Ne5d3 Qh4xg4
{ resign }
0-1

[Event "Match"]
[Site "www.echecsemail.com"]
[Date "2017.01.05"]
[Round "1"]
[White "Pappasan"]
[Black "Mowhan"]
[WhiteElo "1499"]
[BlackElo "1499"]
[Result "0-1"]
[Round "1"]
1.d4 Ng8f6
2.Nb1c3 d5
3.Bc1g5 Bc8f5
4.e3 e6
5.Ng1f3 Nb8c6
6.Bf1b5 a6
7.Bb5xc6 bxc6
 { time }
0-1

[Event "Match"]
[Site "www.echecsemail.com"]
[Date "2017.01.05"]
[Round "1"]
[White "Vivian"]
[Black "Oniaxis"]
[WhiteElo "1499"]
[BlackElo "1499"]
[Result "1-0"]
[Round "1"]
1.Ng1f3 d6
2.c3 b5
3.b4 e6
4.e4 Qd8f6
5.Bf1xb5 c6
6.Qd1a4 Bc8d7
7.Bb5a6 Nb8xa6
8.Qa4xa6 h5
9.Qa6b7 Bd7c8
10.Qb7xa8 Qf6d8
11.Qa8xa7 Qd8d7
12.Qa7b8 Rh8h6
13.e5 Rh6g6
14.g3 Rg6g5
15.Nf3xg5  { time }
1-0

[Event "Match"]
[Site "www.echecsemail.com"]
[Date "2017.01.05"]
[Round "1"]
[White "Karlgrocer"]
[Black "Tonino1"]
[WhiteElo "2040"]
[BlackElo "2030"]
[Result "0-1"]
[Round "1"]
1.Ng1f3 Ng8f6
2.d4 g6
3.e3 Bf8g7
4.Bf1e2 O-O
5.O-O d6
6.a3 c6
7.Nb1d2 Qd8c7
8.c4 e5
9.dxe5 dxe5
10.Qd1c2 Nf6d7
11.Be2d3 Nd7c5
12.Ra1b1 Nc5xd3
13.Qc2xd3 h6
14.b4 Bc8e6
15.e4 Nb8a6
16.Bc1b2 Ra8d8
17.Qd3c2 b6
18.Rf1c1 Rd8c8
19.h3 f6
20.Nf3h4 Kh7
21.f4 Rf8d8
22.f5 g5
23.Nh4f3 Be6f7
24.Qc2a4 Qc7b7
25.Bb2a1 Rd8d3
26.Rc1c3 Rc8d8
27.Qa4b3 Rd3xd2
28.Nf3xd2 Rd8xd2
29.Rc3e3 b5
30.Qb3c3 Rd2a2
31.c5 Bf7c4
32.Ba1b2 Qb7d7
33.Rb1a1 Ra2xa1
34.Bb2xa1 Qd7d1
35.Kh2 g4
36.Re3e1 Qd1d3
37.Qc3xd3 Bc4xd3
38.hxg4 h5
39.Kh3 hxg4
40.Kxg4 Na6c7
41.Kh5 Nc7e8
42.Re1e3 Bd3c4
43.g4 Bg7h6
44.Re3e1 Bh6g5
45.Re1d1 Ne8g7
{ resign }
0-1

[Event "1/128 Finale"]
[Site "www.chess-mail.com"]
[Date "2017.01.05"]
[Round "1"]
[White "Jobeye"]
[Black "Lyonbyte"]
[WhiteElo "2149"]
[BlackElo "1599"]
[Result "1-0"]
[Round "1"]
1.c3 e6
2.g3 f5
3.Bf1g2 Ng8f6
4.d3 Bf8e7
5.Qd1b3 Nb8c6
6.Bc1e3 O-O
7.Nb1d2 a5
8.a4 b6
9.Nd2c4 Bc8b7
10.Ng1f3 Qd8e8
11.O-O Qe8h5
12.Be3f4 Nf6e8
13.Nf3e5 d5
14.Nc4e3 g5
15.Bg2f3 Qh5h6
16.Ne3xd5  { time }
1-0

[Event "Tourn. n9059"]
[Site "www.chess-mail.com"]
[Date "2017.01.06"]
[Round "1"]
[White "Falcoale"]
[Black "Cernunnoss"]
[WhiteElo "1890"]
[BlackElo "1700"]
[Result "0-1"]
[Round "1"]
1.e4 d5
2.exd5 Qd8xd5
3.Nb1c3 Qd5a5
4.d4 c6
5.Ng1f3 Ng8f6
6.Bf1c4 Bc8f5
7.O-O e6
8.h3 Bf8b4
9.Bc1d2 Nb8d7
10.a3 Bb4xc3
11.Bd2xc3 Qa5c7
12.Nf3e5 Nd7xe5
13.dxe5 Nf6d5
14.Bc3d2 O-O
15.f4 Ra8d8
16.Qd1c1 Rd8d7
17.c3 Rf8d8
18.Bc4xd5 Rd7xd5
19.Bd2e3 b6
20.b3 c5
21.Qc1b2 Rd5d3
22.Rf1e1 h6
23.Ra1c1 Bf5e4
24.Qb2f2 Be4b7
25.Qf2g3 Qc7c6
26.b4 Rd3d2
27.Be3xd2 Rd8xd2
28.Rc1d1 Rd2xg2
{ resign }
0-1

[Event "Tourn. n9088"]
[Site "www.chess-mail.com"]
[Date "2017.01.06"]
[Round "1"]
[White "Bojan"]
[Black "Falcoale"]
[WhiteElo "2050"]
[BlackElo "1900"]
[Result "0-1"]
[Round "1"]
1.c4 c5
2.d4 cxd4
3.Qd1xd4 Nb8c6
4.Qd4c3 Ng8f6
5.f3 e6
6.a3 b6
7.h3 Bf8e7
8.Bc1f4 O-O
9.Bf4g3 Bc8b7
10.Nb1d2 Ra8c8
11.e3 d5
12.Ra1d1 Be7d6
13.Bg3xd6 Qd8xd6
14.Ng1e2 Nc6e5
15.b3 b5
16.Ne2d4 bxc4
17.b4 Bb7a6
18.Bf1e2 Rc8c7
19.O-O Ne5d3
20.Be2xd3 e5
21.Nd4f5 Qd6e6
22.Nf5xg7 Kxg7
23.Bd3e2 Nf6h5
24.g4 Nh5g3
25.Rf1f2 Ng3xe2
26.Rf2xe2 Rf8c8
27.Re2f2 Rc7d7
28.f4 d4
29.exd4 exd4
30.Qc3a1 c3
31.Rd1e1 Qe6b6
32.Nd2b3 d3
33.Kg2 Kg8
34.Nb3c5 Rc8xc5
35.bxc5 Qb6xc5
36.f5 d2
37.Re1e8 Kg7
38.Qa1d1 c2
39.f6 Kh6
40.Qd1f3 Ba6b7
41.h4 Bb7xf3
42.Rf2xf3 d1Q
43.Rf3f5 Qc5g1
{ resign }
0-1

[Event "Tourn. n9050"]
[Site "www.chess-mail.com"]
[Date "2017.01.06"]
[Round "1"]
[White "Cal"]
[Black "Falcoale"]
[WhiteElo "1700"]
[BlackElo "1870"]
[Result "0-1"]
[Round "1"]
1.e4 c5
2.a3 Nb8c6
3.Nb1c3 a6
4.Ng1f3 b5
5.b3 Bc8b7
6.d3 e6
7.h3 d5
8.exd5 exd5
9.Bc1f4 Ng8f6
10.Bf1e2 d4
11.Nc3e4 Bf8e7
12.O-O Nf6xe4
13.dxe4 O-O
14.Be2d3 Be7f6
15.Rf1e1 Rf8e8
16.Bf4h2 Nc6e5
17.Nf3xe5 Bf6xe5
18.Qd1f3 Ra8c8
19.Bh2xe5 Re8xe5
20.c4 bxc4
21.bxc4 Rc8c6
22.Ra1b1 Rc6f6
23.Qf3g3 Rf6e6
24.f4 Re5h5
25.f5 Re6f6
26.Re1f1 Bb7c8
27.Rf1f4 h6
28.h4 Kh8
29.Rf4g4 Qd8g8
30.e5 Rf6xf5
31.Bd3xf5 Bc8xf5
32.Rg4f4 Bf5xb1
33.a4 Rh5xe5
34.Rf4g4 Re5e4
35.Rg4xe4 Bb1xe4
36.Qg3e5 Qg8a8
37.Qe5xc5 d3
38.Qc5f2 f5
39.c5 Qa8d5
40.Qf2e3 d2
41.Qe3e2 d1Q
42.Qe2xd1 Qd5xd1
43.Kh2 Qd1e2
{ resign }
0-1

[Event "Tourn. n9112"]
[Site "www.chess-mail.com"]
[Date "2017.01.06"]
[Round "1"]
[White "Cal"]
[Black "Autmich"]
[WhiteElo "1510"]
[BlackElo "1649"]
[Result "0-1"]
[Round "1"]
1.d4 Ng8f6
2.Nb1c3 d5
3.Bc1g5 e6
4.a3 Bf8e7
5.b4 a5
6.b5 c5
7.dxc5 Be7xc5
8.Ng1f3 h6
9.Bg5xf6 Qd8xf6
10.e3 Qf6xc3
11.Nf3d2 O-O
12.Bf1d3 Bc5xa3
13.O-O Nb8d7
14.e4 Ba3b4
15.Nd2f3 Nd7c5
16.exd5 exd5
17.Qd1e2 Bc8g4
18.h3 Bg4xf3
19.Qe2xf3 Ra8d8
20.Ra1d1 Rf8e8
21.Bd3f5 Qc3c4
22.b6 Nc5e4
23.g4 Ne4g5
24.Qf3g3 Bb4c5
25.h4 Ng5e4
26.Qg3f4 Ne4c3
27.Rd1d3 Qc4xf4
28.Rd3xc3 Bc5xb6
29.Rc3b3 Qf4d6
30.Rf1d1 a4
31.Rb3d3 Qd6c5
32.Rd1d2 a3
33.Kg2 a2
{ resign }
0-1

[Event "Tourn. n8971"]
[Site "www.chess-mail.com"]
[Date "2017.01.06"]
[Round "1"]
[White "Tartan"]
[Black "Sachpat"]
[WhiteElo "2470"]
[BlackElo "2450"]
[Result "0-1"]
[Round "1"]
1.d4 Ng8f6
2.c4 e6
3.Nb1c3 Bf8b4
4.Qd1c2 O-O
5.a3 Bb4xc3
6.Qc2xc3 b6
7.Bc1g5 Bc8b7
8.f3 h6
9.Bg5h4 d5
10.e3 Nb8d7
11.cxd5 Nf6xd5
12.Bh4xd8 Nd5xc3
13.Bd8h4 Nc3d5
14.Bh4f2 Ra8c8
15.e4 Nd5e7
16.Bf1b5 c6
17.Bb5a4 Rf8d8
18.Ng1e2 Bb7a6
19.Ra1d1 e5
20.Bf2g3 exd4
21.Ne2xd4 Nd7c5
22.Ba4c2 Nc5b7
23.Kf2 Nb7a5
24.b3 c5
25.Nd4f5 Ne7xf5
26.exf5 Na5c6
27.Rd1xd8 Rc8xd8
28.Rh1d1 Rd8xd1
29.Bc2xd1 Ba6d3
30.f6 gxf6
31.Bg3f4 Kg7
32.Ke3 Bd3f1
33.g3 Nc6e5
34.Ke4 Ne5d3
35.Bf4e3 h5
36.f4 Nd3b2
37.Bd1xh5 Bf1g2
38.Kf5 Bg2d5
39.b4 Bd5e6
40.Ke4 f5
41.Kf3 Kh6
42.g4 Nb2c4
43.Be3c1 cxb4
44.axb4 a5
45.bxa5 bxa5
46.h3 a4
47.gxf5 Be6d5
48.Kg4 a3
49.Bc1xa3 Nc4xa3
50.Bh5xf7 Bd5xf7
51.Kf3 Kg7
52.Ke4 Kf6
53.h4 Na3b5
{ resign }
0-1

[Event "Tourn. n9101"]
[Site "www.chess-mail.com"]
[Date "2017.01.06"]
[Round "1"]
[White "Awfen"]
[Black "Ditto"]
[WhiteElo "2080"]
[BlackElo "1840"]
[Result "1-0"]
[Round "1"]
1.e4 e5
2.Ng1f3 Nb8c6
3.Bf1c4 Ng8f6
4.Nf3g5 d5
5.exd5 Nc6d4
6.O-O Bc8g4
7.f3 Bg4h5
8.c3 Nd4f5
9.d4 exd4
10.Rf1e1 Bf8e7
11.g4 dxc3
12.gxh5 Nf6xh5
13.Ng5xf7 Kxf7
14.d6 Kf8
15.dxe7 Nf5xe7
16.Nb1xc3 Qd8c8
17.Qd1e2 Qc8d8
18.Bc1g5 Qd8d6
19.Bg5xe7 { resign }
1-0

[Event "Match"]
[Site "www.echecsemail.com"]
[Date "2017.01.06"]
[Round "1"]
[White "Yoj"]
[Black "Guidom"]
[WhiteElo "1749"]
[BlackElo "2140"]
[Result "1-0"]
[Round "1"]
1.e3 e5
2.b3 d5
3.Bc1b2 Nb8c6
4.Bf1b5 Bf8d6
5.f4 Qd8f6
6.Ng1f3 Bc8g4
7.fxe5 Bd6xe5
8.Bb2xe5 Bg4xf3
9.Be5xf6 Bf3xd1
10.Bf6xg7 Bd1xc2
11.Bb5xc6 bxc6
12.Bg7xh8 f6
13.O-O Kf7
14.Nb1c3 Bc2d3
15.Rf1f3 Ra8e8
16.Ra1f1 Bd3xf1
17.Kxf1 Re8f8
18.g4 Kg6
19.h4 h6
20.h5 Kh7
21.Bh8xf6 Rf8xf6
22.Kg2 Kg7
23.Nc3a4 Ng8e7
24.Na4c5 Rf6xf3
25.Kxf3 Kf6
26.d4 Ne7c8
27.Kf4 Nc8d6
28.a4 Nd6e8
29.Nc5d7 Ke7
30.Nd7b8 Kd6
31.b4 Ne8g7
32.g5 Ng7e6
33.Kg4 Ne6xg5
34.Kf5 Ke7
35.Kg6 Ng5e6
36.Nb8xc6 Kd6
37.Nc6xa7 { resign }
1-0

[Event "Match"]
[Site "www.echecsemail.com"]
[Date "2017.01.06"]
[Round "1"]
[White "Glailton"]
[Black "Gambitmiau"]
[WhiteElo "1499"]
[BlackElo "1910"]
[Result "0-1"]
[Round "1"]
1.e4 Nb8c6
2.Ng1f3 d5
3.e5 Bc8g4
4.h3 Bg4f5
5.d4 e6
6.a3 Bf5e4
7.Nb1d2 Bf8e7
8.c3 Ng8f6
9.exf6 Be4xf3
10.Qd1xf3 Be7xf6
11.Bf1b5 Qd8d7
12.Nd2b3 a6
13.Nb3c5 Qd7e7
14.Bb5xc6 bxc6
 { time }
0-1

[Event "Match"]
[Site "www.echecsemail.com"]
[Date "2017.01.06"]
[Round "1"]
[White "Coraza8091"]
[Black "Mrmoto"]
[WhiteElo "1510"]
[BlackElo "1660"]
[Result "0-1"]
[Round "1"]
1.e4 e5
2.Ng1f3 Nb8c6
3.Nb1c3 Ng8f6
4.Bf1b5 a6
5.Bb5xc6 dxc6
6.d3 h6
7.Nf3xe5 Bc8e6
8.O-O Bf8b4
9.Nc3a4 b5
10.Ne5xc6 Qd8d6
11.e5 Qd6xc6
12.exf6 bxa4
13.c3 Bb4d6
14.fxg7 Rh8g8
15.Bc1xh6 O-O-O
16.d4 Bd6f8
17.f3 Bf8xg7
18.Bh6g5 Rd8d5
19.Bg5f4 Rd5d8
20.Bf4g5 Rd8d5
21.Bg5f4 Be6f5
22.g4 Bf5d7
23.Kg2 Bg7f6
24.Qd1d3 Rd5b5
25.Rf1b1 Rg8xg4
26.Bf4g3 Rg4g8
27.Qd3h7 Rb5g5
28.Qh7xf7 Bd7e8
29.Qf7h7 Kb7
30.Rb1f1 Rg8g7
31.Qh7c2 Be8d7
32.b3 Bf6xd4
33.bxa4 Bd4e5
34.Ra1b1 Ka7
35.Qc2f2 Ka8
36.Qf2b2 Rg5xg3
37.hxg3 Rg7xg3
38.Kf2 Qc6xf3
39.Ke1 Be5xc3
40.Qb2d2 Bc3xd2
41.Kxd2 Rg3g2
42.Ke1 Qf3e2
{ resign }
0-1

[Event "1/16 Finale"]
[Site "www.chess-mail.com"]
[Date "2017.01.06"]
[Round "1"]
[White "Senitram"]
[Black "Nimzo"]
[WhiteElo "2710"]
[BlackElo "2840"]
[Result "0-1"]
[Round "1"]
1.Ng1f3 d5
2.d4 Ng8f6
3.Bc1f4 e6
4.e3 c5
5.Bf1e2 cxd4
6.exd4 Qd8b6
7.Nb1c3 Bf8d6
8.Bf4xd6 Qb6xd6
9.O-O Bc8d7
10.Qd1d2 O-O
11.Be2d3 Qd6b6
12.Rf1e1 Rf8c8
13.Ra1b1 Bd7c6
14.Re1e3 Nb8d7
15.b4 Nd7f8
16.b5 Bc6e8
17.a4 Qb6d8
18.Re3e1 a6
19.bxa6 bxa6
20.Rb1b3 Nf8g6
21.Re1b1 Ng6e7
22.Nf3e5 Ne7c6
23.Ne5xc6 Be8xc6
24.Qd2f4 Qd8a5
25.Rb3b4 Bc6d7
26.Qf4d2 h6
27.f3 Nf6e8
28.Rb1b3 Ne8d6
29.Qd2f4 Rc8c6
30.Nc3d1 Qa5c7
31.Rb3b1 a5
32.Rb4b3 Bd7c8
33.c3 Bc8a6
34.Bd3xa6 Rc6xa6
35.Qf4d2 Ra6c6
36.Qd2b2 Rc6c4
37.Rb1a1 Ra8c8
38.Qb2b1 h5
39.Rb3b2 g6
40.Rb2b3 Nd6f5
41.Ra1a2 e5
42.dxe5 Qc7xe5
43.Qb1d3 d4
44.Ra2c2 Qe5e1
45.Qd3f1 Qe1e8
46.Qf1d3 Qe8xa4
47.Rb3b1 dxc3
48.Rb1c1 Rc4d4
49.Nd1xc3 Qa4a3
{ resign }
0-1

[Event "Fast Game"]
[Site "www.echecsemail.com"]
[Date "2017.01.06"]
[Round "1"]
[White "Yoj"]
[Black "Mitja"]
[WhiteElo "1599"]
[BlackElo "1780"]
[Result "1-0"]
[Round "1"]
1.f4 d5
2.Ng1f3 e6
3.e3 c6
4.d3 Ng8f6
5.Nb1c3 Nb8d7
6.Bc1d2 Nd7b6
7.Bf1e2 h6
8.O-O Bf8d6
9.e4 dxe4
10.dxe4 Bd6c7
11.Be2d3 Nb6d7
12.e5 Nf6d5
13.Nc3xd5 cxd5
14.Bd2e3 Bc7b6
15.Be3xb6 Qd8xb6
16.Kh1 Qb6xb2
17.a4 Qb2b4
18.Nf3d2 O-O
19.Qd1e2 Rf8d8
20.Qe2e3 Nd7f8
21.Rf1b1 Qb4a5
22.Nd2b3 Qa5c7
23.Nb3d4 b6
24.Nd4b5 Qc7e7
25.a5 bxa5
26.Ra1xa5 a6
27.Nb5d6 Qe7c7
28.Rb1a1 Qc7c3
29.Bd3h7 { resign }
1-0

[Event "Tourn. n9095"]
[Site "www.chess-mail.com"]
[Date "2017.01.07"]
[Round "1"]
[White "Falcoale"]
[Black "Caspito"]
[WhiteElo "1900"]
[BlackElo "1840"]
[Result "1-0"]
[Round "1"]
1.e4 e5
2.Ng1f3 Nb8c6
3.Bf1c4 h6
4.O-O Bf8c5
5.a3 Ng8f6
6.b4 Bc5b6
7.Bc1b2 O-O
8.d3 d6
9.Nb1c3 Bc8g4
10.h3 Bg4h5
11.Nc3d5 Nf6xd5
12.Bc4xd5 Qd8d7
13.g4 Bh5g6
14.Nf3h4 Nc6d4
15.Kh2 c6
16.Nh4xg6 Kh7
17.Ng6h4 cxd5
18.exd5 f5
19.gxf5 Nd4xf5
20.Qd1g4 g5
21.Nh4g2 Ra8d8
22.Qg4e4 h5
23.Ng2e3 g4
24.Ne3xf5 Qd7xf5
25.Qe4xf5 Rf8xf5
26.c4 Bb6xf2
27.d4 g3
28.Kg2 Rd8f8
29.dxe5 dxe5
30.d6 Rf8d8
31.c5 e4
32.Bb2d4 Bf2xd4
33.Rf1xf5 Bd4xa1
34.Rf5f7 Kh6
35.Kxg3 Ba1e5
36.Kf2 Be5d4
37.Ke2 Kg5
38.Rf7xb7 a5
39.bxa5 Bd4xc5
40.d7 Bc5xa3
41.a6 Ba3c5
42.a7 Bc5d6
43.Rb7b5 Kh4
44.Rb5a5 { resign }
1-0

[Event "Tourn. n9171"]
[Site "www.chess-mail.com"]
[Date "2017.01.07"]
[Round "1"]
[White "Bojan"]
[Black "B0zata"]
[WhiteElo "2030"]
[BlackElo "2170"]
[Result "0-1"]
[Round "1"]
1.e4 b6
2.Bf1e2 Bc8b7
3.Be2f3 e5
4.Ng1e2 Ng8f6
5.d3 d5
6.Ne2g3 dxe4
7.Ng3xe4 Nf6xe4
8.Bf3xe4 Bb7xe4
9.dxe4 Qd8xd1
10.Kxd1 Nb8c6
11.c3 O-O-O
12.Ke2 Bf8e7
13.Bc1e3 Nc6a5
14.b3 c5
15.Nb1d2 h6
16.f4 Na5c6
17.Nd2f3 Be7f6
18.f5 h5
19.h4 g6
20.Nf3g5 Rd8d7
21.Ra1d1 Rh8d8
22.Rd1d2 Bf6xg5
23.Be3xg5 Rd7xd2
24.Bg5xd2 gxf5
25.exf5 f6
26.Rh1g1 Nc6e7
27.Rg1f1 Rd8g8
28.Rf1f2 Rg8g4
29.c4 Rg4xh4
30.Bd2h6 Rh4g4
31.Ke3 Ne7g8
32.Bh6f8 Rg4d4
33.Rf2f3 Kd7
34.Ke2 Ke8
35.Bf8g7 Rd4g4
36.Bg7h8 Rg4xg2
37.Ke3 Kf7
38.Rf3h3 Rg2g5
39.Ke4 Ng8h6
40.Rh3d3 Rg5g4
41.Kf3 Rg4d4
42.Rd3e3 Nh6g4
43.Re3e2 Kg8
44.Bh8xf6 e4
45.Kg3 Ng4xf6
46.Kf4 Kf7
47.Re2g2 Nf6g4
48.Kg5 Ng4f6
49.Rg2e2 e3
{ resign }
0-1

[Event "Tourn. n9146"]
[Site "www.chess-mail.com"]
[Date "2017.01.07"]
[Round "1"]
[White "Biggles"]
[Black "Jobeye"]
[WhiteElo "2150"]
[BlackElo "2010"]
[Result "1-0"]
[Round "1"]
1.e4 e6
2.d4 d5
3.e5 Nb8c6
4.Ng1f3 Bc8d7
5.Bf1d3 g6
6.Nb1c3 a6
7.O-O b5
8.Rf1e1 Qd8b8
9.Bc1e3 Qb8a7
10.a4 b4
11.Nc3e2 Nc6a5
12.b3 Bf8h6
13.Qd1d2 Bh6xe3
14.Qd2xe3 c6
15.Qe3g5 h6
16.Qg5h4 Ng8e7
17.Qh4f6 Rh8g8
18.Ra1c1 c5
19.h3 cxd4
20.Ne2xd4 Ne7c6
21.Nd4xc6 Na5xc6
22.c4 bxc3
23.Rc1xc3 Nc6d4
24.Re1c1 Nd4xf3
25.Qf6xf3 h5
26.Rc3c7 Qa7b6
27.Rc7xd7 Kxd7
28.Qf3xf7 { resign }
1-0

[Event "Tourn. n9056"]
[Site "www.chess-mail.com"]
[Date "2017.01.07"]
[Round "1"]
[White "Joseph1983"]
[Black "Orhany24"]
[WhiteElo "2180"]
[BlackElo "2220"]
[Result "1-0"]
[Round "1"]
1.e4 e5
2.Ng1f3 Nb8c6
3.Bf1b5 a6
4.Bb5a4 Ng8f6
5.O-O b5
6.Ba4b3 Bf8e7
7.Rf1e1 d6
8.h3 O-O
9.c3 Nc6a5
10.Bb3c2 c5
11.d4 Qd8c7
12.Bc1g5 h6
13.Bg5h4 Nf6h7
14.Bh4xe7 Qc7xe7
15.Nb1d2 f5
16.exf5 Bc8xf5
17.dxe5 Bf5xc2
18.Qd1xc2 dxe5
19.Re1xe5 Qe7d6
20.Ra1e1 Nh7f6
21.Re5e6 Qd6d5
22.b3 Ra8e8
23.Re6xa6 Re8xe1
24.Nf3xe1 Na5c6
25.Ne1f3 Nc6e5
26.Nf3xe5 Qd5xe5
27.Nd2f3 Qe5e4
28.Qc2d2 Nf6d5
29.Ra6d6 Nd5f4
30.Rd6d8 Rf8xd8
31.Qd2xd8 Kh7
32.Kh2 Nf4e2
33.Qd8d2 c4
34.bxc4 bxc4
35.a4 Qe4d3
36.Qd2xd3 cxd3
37.c4 Ne2d4
38.Nf3d2 { resign }
1-0

[Event "Tourn. n9152"]
[Site "www.chess-mail.com"]
[Date "2017.01.07"]
[Round "1"]
[White "Actmy"]
[Black "Pariolinius"]
[WhiteElo "1909"]
[BlackElo "1910"]
[Result "1-0"]
[Round "1"]
1.d4 f5
2.Nb1c3 Ng8f6
3.Bc1g5 e6
4.e4 Bf8e7
5.exf5 exf5
6.Bf1c4 Nb8c6
7.Ng1h3 d6
8.O-O Nc6a5
9.Bc4d5 Nf6xd5
10.Nc3xd5 { resign }
1-0

[Event "Tourn. n9150"]
[Site "www.chess-mail.com"]
[Date "2017.01.07"]
[Round "1"]
[White "Szustan"]
[Black "Ozana"]
[WhiteElo "2660"]
[BlackElo "2320"]
[Result "1-0"]
[Round "1"]
1.e4 d6
2.d4 Ng8f6
3.Nb1c3 e5
4.Ng1f3 Bf8e7
5.dxe5 dxe5
6.Qd1xd8 Be7xd8
7.Nf3xe5 { resign }
1-0

[Event "Tourn. n9064"]
[Site "www.chess-mail.com"]
[Date "2017.01.07"]
[Round "1"]
[White "Amaya"]
[Black "Genius3"]
[WhiteElo "2100"]
[BlackElo "1800"]
[Result "1-0"]
[Round "1"]
1.d4 d5
2.e3 Ng8f6
3.Bf1d3 g6
4.f4 Bf8g7
5.Ng1f3 O-O
6.Nb1d2 Nf6g4
7.Qd1e2 Ng4f6
8.O-O b6
9.Nf3e5 Bc8b7
10.Qe2f3 Nb8d7
11.c3 c5
12.a3 Qd8c7
13.g4 cxd4
14.exd4 Nd7xe5
15.fxe5 Nf6d7
16.g5 e6
17.Qf3h3 a6
18.Rf1f3 b5
19.Qh3h4 h5
20.gxh6 Bg7h8
21.h7 Kg7
22.Rf3h3 { resign }
1-0

[Event "Tourn. n9153"]
[Site "www.chess-mail.com"]
[Date "2017.01.07"]
[Round "1"]
[White "Picifarkinca"]
[Black "Autmich"]
[WhiteElo "1630"]
[BlackElo "1710"]
[Result "1-0"]
[Round "1"]
1.e4 c5
2.Ng1f3 d6
3.Bf1b5 Bc8d7
4.a4 g6
5.d4 Bd7xb5
6.axb5 Bf8g7
7.dxc5 dxc5
8.Qd1xd8 Kxd8
9.O-O Nb8d7
10.Nb1c3 e6
11.Rf1d1 Ke7
12.Bc1e3 b6
13.Nc3a4 Ng8f6
14.Be3g5 h6
15.Bg5xf6 Nd7xf6
16.Na4c3 Rh8d8
17.Rd1xd8 Kxd8
18.Nf3e5 { resign }
1-0

[Event "Tourn. n9133"]
[Site "www.chess-mail.com"]
[Date "2017.01.07"]
[Round "1"]
[White "Falcoale"]
[Black "Jobeye"]
[WhiteElo "1890"]
[BlackElo "1990"]
[Result "0-1"]
[Round "1"]
1.e4 d5
2.exd5 c6
3.dxc6 Nb8xc6
4.Ng1f3 Bc8f5
5.Bf1c4 e5
6.d3 h6
7.O-O Bf8c5
8.Rf1e1 Qd8b6
9.Re1e2 Bf5g4
10.h3 Bg4xf3
11.gxf3 Bc5d6
12.b3 Nc6d4
13.Re2e1 Qb6c6
14.Nb1d2 b5
15.Bc4xf7 Kxf7
16.c3 Qc6xc3
17.Ra1b1 Qc3xd3
18.Bc1b2 Ra8e8
19.Kg2 Ng8f6
20.Rb1c1 Qd3g6
21.Kh1 Qg6h5
22.Re1g1 Qh5xh3

0-1

[Event "Tourn. n9102"]
[Site "www.chess-mail.com"]
[Date "2017.01.07"]
[Round "1"]
[White "Cal"]
[Black "Madz123456"]
[WhiteElo "1580"]
[BlackElo "1510"]
[Result "0-1"]
[Round "1"]
1.Nb1c3 e5
2.a3 d5
3.d3 d4
4.Nc3e4 f5
5.Bc1g5 Qd8d5
6.b3 fxe4
7.c4 dxc3
8.Qd1c2 Nb8c6
9.dxe4 Nc6d4
10.Qc2xc3 Qd5xe4
11.e3 Nd4c2
12.Ke2 Nc2xa1
13.Qc3xa1 h6
14.f3 Qe4c2
15.Ke1 hxg5
16.Ng1e2 Bf8d6
17.Kf2 Bc8e6
18.h3 Be6xb3
19.Kg1 Ng8f6
20.e4 Qc2c5
21.Kh2 Qc5f2
22.Ne2g3 O-O-O
23.Bf1d3 Rh8xh3
24.Kxh3 Rd8h8
{ resign }
0-1

[Event "Tourn. n9010"]
[Site "www.chess-mail.com"]
[Date "2017.01.07"]
[Round "1"]
[White "Falcoale"]
[Black "Cernunnoss"]
[WhiteElo "1670"]
[BlackElo "1720"]
[Result "0-1"]
[Round "1"]
1.e4 d5
2.exd5 Qd8xd5
3.Nb1c3 Qd5a5
4.d4 c6
5.Bc1d2 Ng8f6
6.Ng1f3 Bc8f5
7.Bf1e2 e6
8.O-O Nb8d7
9.b3 Bf8b4
10.Nc3b1 Bb4xd2
11.Nf3xd2 O-O
12.Nd2c4 Qa5c7
13.Nb1c3 Ra8d8
14.Qd1c1 Nf6d5
15.Nc3xd5 cxd5
16.Nc4e3 Bf5g6
17.c3 Nd7b6
18.f4 Rd8c8
19.f5 exf5
20.Ne3xf5 Bg6xf5
21.Rf1xf5 Qc7xc3
22.Qc1xc3 Rc8xc3
23.Rf5f3 Rf8c8
24.Rf3xc3 Rc8xc3
25.h3 Kf8
26.Be2f3 Ke7
27.Ra1e1 Kd6
28.Re1f1 Nb6d7
29.Rf1d1 Nd7f6
30.Rd1e1 Rc3d3
31.Re1c1 Rd3xd4
32.Rc1c8 Rd4d2
33.Rc8f8 Ke6
34.Rf8b8 Rd2xa2
35.Rb8xb7 Nf6e4
36.b4 h6
37.Bf3g4 f5
38.Bg4h5 Ra2a1
39.Kh2 f4
40.Rb7xg7 Ne4g3
41.Bh5f7 Kf6
42.Rg7h7 Ra1h1
{ resign }
0-1